000 00785nam a2200217 i 4500
001 32781
003 ES-MaACL
005 20250721164703.0
007 t|
008 030131s1952 sp ||||1| spa d
100 1 _aBent, Rudyard K.
_927782
245 1 0 _aFundamentos de la educación secundaria /
_cRudyard K. Bent y Henry H. Kronenberg ; traducción al castellano de la 2ª ed. en inglés por Domingo Tirado Benedi.
260 _a[S.l. :
_bs.n.,
_c1952]
300 _a2 t. ;
_c23 cm.
490 1 _aBiblioteca clásicos y modernos de educación
700 1 _aTirado Benedi, Domingo.
_9110323
700 1 _aKronenberg, Henry H.
_968889
830 0 0 _aBiblioteca clásicos y modernos de educación
_9181503
852 _aES-MaACL
_jC-10215-6
_bR.37892
999 _c32781
_d32781